000 00436nam a2200181Ia 4500
001 13693
005 20260306164820.0
008 260306t2000||||xx |||||||||||||| ||spa||
041 _aESP
082 _a005.131
_bL42
100 _aLeinecker, Rick
_eAUT
245 0 _aAprendiendo visual J++ 6 en 21 días
260 _c2000
300 _axiv, 600 páginas :
_c24 cm.
650 _aGEN
654 _aCCC
942 _cLIB
_dJUS
_fJUS
_2ddc
_n
999 _c13693
_d13693